00618nam a2200157Ia 4500008004000000082001700040100003500057245005800092260003300150300001500183650009600198690001200294906001100306999001700317952012600334210210b1992 xxu||||| |||| 00| 0 eng d a332.076 VARM aVARMA (M M) and AGARWAL (R K). aMoney banking international trade and public finance. aNDbForward book depotc1992 avi,B133-I9 aInternational trade & public finance question & answers Money & banking question & answers aBanking a046902 c96284d96284 001040708EconomicsaALbALcEconomicsd2021-02-17g30.00l0o332.076 VARMp046902r2021-02-17 00:00:00w2021-02-17yBK